000 00604nam a2200205Ia 4500
003 GCL
008 140319s9999 xx 000 0 ara d
040 _aGCL /
_cGCL
082 0 4 _a189
_bم د
100 1 _aمحمود حمدى زقزوق
245 1 0 _aدور الاسلام فى تطور الفكر الفلسفى /
_cمحمود حمدى زقزوق
300 _a39 ص
490 _a
650 0 4 _aالفلسفة الاسلامية
650 0 4 _aالاجتهاد
650 0 4 _aالفلاسفة المسلمون
650 0 4 _aالمنطق
650 0 4 _aالعقل والجسد
942 _2ddc
_cBK
999 _c37886
_d37886